000 01093nam a2200325 i 4500
001 bg
003 KOSZ 005
005 20220530135531.0
008 000114s1981 pl a |001 0 pol
015 _aPB 1981/8929
020 _a8301009470
035 _a(OCoLC)749561749
040 _aWA N
_cKOSZ 005/HR
_dKOSZ 005/HR
041 1 _apol
_hger
046 _k1981
080 _a159.938.072
100 1 _aMagnusson, David
_d(1925- ).
245 1 0 _aWprowadzenie do teorii testów /
_cDavid Magnusson ; [tł. z niem. Herbert Szafraniec].
246 1 _iTyt. oryg.:
_aTesttheorie,
_f1969.
260 _aWarszawa :
_bPańst. Wydaw. Naukowe,
_c1981.
300 _a434, [2] s. :
_btab., wykr. ;
_c20 cm.
380 _aKsiążki.
504 _aBibliogr. s. 381-391. - Indeksy.
658 _aPsychologia
655 4 _aPodręczniki akademickie
650 4 _aTesty psychologiczne
700 1 _aSzafraniec, Herbert
_d(1941-2013)
_eTłumaczenie
856 _uhttp://koha.tu.koszalin.pl/cgi-bin/koha/opac-detail.pl?biblionumber=6850
_yKatalog online BPK
942 _2UKD
_cKS
999 _c6850
_d6850